Score 0/19 Timer 20:00
0 Plays Today
Question Answer Wrong Answers
Bacchus is depicted with all of the following except a lyre
100%
a plump physique
0%
heavy garments
0%
a thyrsus
0%
Hercules' first wife, whom he killed, was Megara
100%
Medea
0%
Hesione
0%
Omphale
0%
King Augeas refused to pay Hercules because Hercules completed the labor as a servant
100%
he felt he had been tricked
0%
Hercules had received help
0%
Hercules did not complete the labor as requested
0%
The story of Pyramus and Thisbe explains the color of mulberries
100%
the sky
0%
the moon
0%
crows
0%
All of the following artistic movements commonly used multiple, polychromatic hues except classical
100%
sympolism
0%
surrealism
0%
baroque
0%
Eros compelled _____ to fall in love with Jason Medea
100%
Alcmene
0%
Ariadne
0%
Megara
0%
All of the following artistic movements commonly used realistic perspective except Cubism
100%
Rococo
0%
Neoclassicism
0%
Baroque
0%
All of the following artistic movements commonly depicted emotion in human expression except Renaissance
100%
Rococo
0%
Neoclassicism
0%
Baroque
0%
As hercules fought the Lernian Hydra, what other creature was sent to fight him by Hera? a crab
100%
a snake
0%
a bull
0%
a centaur
0%
All of the following artistic movements commonly used abstract elements except Baroque
100%
Surrealism
0%
Symbolism
0%
Cubism
0%
Echo's curse of only repeating words of others was placed on her by Hera
100%
Narcissus
0%
Zeus
0%
Artemis
0%
The Cretan Bull was not the same bull that carried Europa to Crete
100%
was the father of the Minotaur
0%
Minos refused to sacrifice to Poseidon
0%
was the name of the Marathonian Bull
0%
All of the following artistic movements commonly used loose brush strokes except Neoclassicism
80%
Baroque
20%
Romanticism
0%
Symbolism
0%
The unrestrained, devine presence of Zeus killed Semele
80%
Alcmene
0%
Aridne
20%
Maia
0%
Dionysus rescuded Ariadne after she had been abandoned by Theseus
80%
Hercules
0%
Perseus
20%
Jupiter
0%
According to some sources, which of the following labors was not counted by Eurystheus Lernian Hydra
80%
Ceryneian Hind
20%
Nemian Lion
0%
Erymanthian Boar
0%
Bacchus punished ______ by driving him mad, which made him kill his wife and son Lycurgus
80%
Pan
20%
Pantheus
0%
Silenus
0%
Hercues' musical tutor, whom he killed, was Linus
80%
Chiron
20%
Diomedes
0%
Iolaus
0%
Midas was granted a wish from Dionysus because he Protected Silenus
80%
Promoted the worship of Dionysus
20%
Owned a Vineyard
0%
Acted in a theatre group
0%
Remove Ads.
Support Sporcle.
Get the best of Sporcle when you Go Orange. This ad-free experience offers more features, more stats, and more fun while also helping to support Sporcle. Thank you for becoming a member.

You're not logged in!

Compare scores with friends on all Sporcle quizzes.
OR
Log In

Show Comments

Extras

Created Dec 9, 2018ReportNominate
Tags:god, Here

Top Quizzes Today


Score Distribution

Your Account Isn't Verified!

In order to create a playlist on Sporcle, you need to verify the email address you used during registration. Go to your Sporcle Settings to finish the process.

Report this User

Report this user for behavior that violates our Community Guidelines.

Details: